Sahashaka sanvardhana abhimatarta deshiya vartava 2005 Sri Lanka

Saved in:
Bibliographic Details
Format: Book
Published: Colombo NCED 2005
Tags: Add Tag
No Tags, Be the first to tag this record!

MARC

LEADER 00000nam a2200000 a 4500
020 |a 9789551213008 
245 |a Sahashaka sanvardhana abhimatarta deshiya vartava 2005 Sri Lanka 
260 |a Colombo  |b NCED  |c 2005 
942 |c AFW 
999 |c 168625  |d 168625